| 000 | 00963nam a2200289Ia 4500 | ||
|---|---|---|---|
| 003 | OSt | ||
| 005 | 20221007123536.0 | ||
| 006 | a|||||r|||| 00| 0 | ||
| 007 | ta | ||
| 008 | 221006b |||||||| |||| 00| 0 eng d | ||
| 020 |
_a0070965102 (pbk) _cRs.175.00 |
||
| 024 | _a15652 | ||
| 037 |
_b059/05-06, 09/09/2005, N R Book Distributors _cTextual |
||
| 040 |
_aPAPL _cPAPL _beng |
||
| 041 |
_2eng _aeng |
||
| 082 | _aCN1, L6;6-;8 Carpa | ||
| 100 | _aMathews P M | ||
| 245 | 0 |
_aTextbook of quantum mechanics _b Venkatesan K |
|
| 260 |
_aNew _bYork Tata McGraw-Hill Publishing Company Limited _c1976 |
||
| 300 |
_axv, 387p. _ccm. |
||
| 500 | _aAppendix A-G, 350-380p.; Index 382-387p. | ||
| 650 | _a Quantum mechanics | ||
| 650 | _aPhysics | ||
| 700 |
_a Venkatesan K _9640592 |
||
| 942 |
_hCN1, L6;6-;8 Carpa _cTEXL _2CC |
||
| 999 |
_c1212080 _d1212080 |
||